00340nam a2200133Ia 4500008004100000020001500041041001200056100001500068245006400083250000800147260003300155300000800188650001000196221030s9999 xx 000 0 und d a8126531677 aEnglish aD. Dowrick 0aEarthquake Resistant Design & Risk Reductioncby D. Dowrick a2nd bWilley Pub.aNew Delhic2013 a530 aCivil